| 000 | 00508cam a22001694a 4500 | ||
|---|---|---|---|
| 999 |
_c160 _d160 |
||
| 020 | _a1842772805 | ||
| 050 | 0 | 0 |
_aHF1040.9.D44 _bR62 ROB |
| 100 | 1 | _aRobbins, Peter, | |
| 245 | 1 | 0 |
_aStolen fruit : _bthe tropical commodities disaster / _cPeter Robbins. |
| 260 |
_aLondon ; _aNew York : _bZed Books, _c2003. |
||
| 300 |
_a188 p. ; _c21 cm. |
||
| 500 | _aINCLUDES BIBLIOGRAPHIC REFERENCE AND INDEX | ||
| 650 | 0 | _aPrimary commodities | |
| 650 | 0 | _aPrimary commodities | |
| 650 | 0 | _aInternational trade. | |
| 942 | _cBK | ||